000 00344nam a22001217a 4500
008 230629b xxu||||| |||| 00| 0 eng d
082 _a333.79
_bMOERD
100 _cMOERD
245 _aInterim Investment Programme
_b For the Economic Recovery Strategy for Wealth and Employment Creation
260 _b
_c2007
300 _a136p
942 _2ddc
_cBK
999 _c2949
_d2949